| 000 | 01112nam a2200325 i 4500 | ||
|---|---|---|---|
| 001 | 624 | ||
| 003 | KOSZ 005 | ||
| 005 | 20200630132815.0 | ||
| 008 | 071107s1971 pl a f 000 0 pol | ||
| 015 | _aPB 1971/10249 | ||
| 040 |
_aWA N _cWA N _dKOSZ 005/RW |
||
| 080 | _a531.1/.3 | ||
| 100 | 1 |
_aZawadzki, Jerzy _d(1923-2000) _eAutor |
|
| 245 | 1 | 0 |
_aMechanika ogólna / _cJerzy Zawadzki, Władysław Siuta. |
| 250 | _aWydanie 2 poprawione. | ||
| 260 |
_aWarszawa : _bPaństwowe Wydawnictwo Naukowe, _c1971. |
||
| 300 |
_a315, [1] stron : _bilustracje ; _c24 cm. |
||
| 336 |
_aTekst _btxt _2rdacontent |
||
| 337 |
_aBez urządzenia pośredniczącego _bn _2rdamedia |
||
| 338 |
_aWolumin _bnc _2rdacarrier |
||
| 380 | _aKsiążki. | ||
| 500 | _aDruk z klisz. | ||
| 658 | _aInżynieria i technika | ||
| 655 | 4 | _aPodręczniki akademickie | |
| 650 | 4 | _aMechanika | |
| 700 | 1 |
_aSiuta, Władysław. _eAutor |
|
| 710 | 2 |
_aPaństwowe Wydawnictwo Naukowe _4pbl. |
|
| 856 |
_uhttp://koha.tu.koszalin.pl/cgi-bin/koha/opac-detail.pl?biblionumber=624 _yKatalog online BPK |
||
| 942 |
_2UKD _cKS |
||
| 999 |
_c624 _d624 |
||